LEADER 03090nam 2200673Ia 450 001 9910973924003321 005 20251117083544.0 010 $a9786612441493 010 $a9781282441491 010 $a1282441493 010 $a9781615831166 010 $a1615831169 010 $a9781848163256 010 $a1848163258 035 $a(CKB)2550000000001789 035 $a(EBL)477232 035 $a(OCoLC)613681837 035 $a(SSID)ssj0000332033 035 $a(PQKBManifestationID)11275241 035 $a(PQKBTitleCode)TC0000332033 035 $a(PQKBWorkID)10330570 035 $a(PQKB)11201113 035 $a(MiAaPQ)EBC477232 035 $a(WSP)00001713 035 $a(Au-PeEL)EBL477232 035 $a(CaPaEBR)ebr10361766 035 $a(CaONFJC)MIL244149 035 $a(Perlego)850688 035 $a(EXLCZ)992550000000001789 100 $a20090623d2009 uy 0 101 0 $aeng 135 $aur|n|---||||| 181 $ctxt 182 $cc 183 $acr 200 10$aModeling indoor air pollution /$fDarrell W. Pepper, David Carrington 205 $a1st ed. 210 $aLondon $cImperial College Press ;$aSingapore ;$aHackensack, NJ $cDistributed by World Scientific$dc2009 215 $a1 online resource (361 p.) 300 $aDescription based upon print version of record. 311 08$a9781848163249 311 08$a184816324X 320 $aIncludes bibliographical references (p. 323-340) and index. 327 $aAcknowledgements; Preface; Contents; 1. Introduction; 2. Fluid Flow Fundamentals; 3. Contaminant Sources; 4. Assessment Criteria; 5. Simple Modeling Techniques; 6. Dynamics of Particles, Gases and Vapors; 7. Numerical Modeling - Conventional Techniques; 8. Numerical Modeling - Advanced Techniques; 9. Turbulence Modeling; 10. Homeland Security Issues; Appendix A Diffusion Coefficients in Gas; Appendix B 2-D Office Simulations: COMSOL and ANSWER Software; Bibliography; Index 330 $aEmission of pollutants and their accumulation due to poor ventilation and air exchange are serious problems currently under investigation by many researchers. Of particular concern are issues involving air quality within buildings. Toxic fumes and airborne diseases are known to produce undesirable odors, eye and nose irritations, sickness, and occasionally death. Other products such as tobacco smoke and carbon monoxide can also have serious health effects on people exposed to a poorly ventilated environment; studies indicate that indirect or passive smoking can also lead to lung cancer.Design 606 $aIndoor air pollution$xMathematical models 606 $aAir$xPollution$xMathematical models 615 0$aIndoor air pollution$xMathematical models. 615 0$aAir$xPollution$xMathematical models. 676 $a628.53 700 $aPepper$b Darrell W$0504410 701 $aCarrington$b David$0275068 801 0$bMiAaPQ 801 1$bMiAaPQ 801 2$bMiAaPQ 906 $aBOOK 912 $a9910973924003321 996 $aModeling indoor air pollution$94554296 997 $aUNINA